000 01479cam a2200325 a 4500
001 15307749
003 OSt
005 20160603135959.0
008 080528s2008 vaua b 001 0 eng
010 _a 2008021542
020 _a9781416607137 (pbk. : alk. paper)
035 _a(OCoLC)ocn230801899
040 _aDLC
_cDLC
_dYDX
_dBTCTA
_dYDXCP
_dCDX
_dDLC
050 0 0 _aLB 1576
_b.B245 2008
082 _aGLT 371.3
_bB16 2008
100 1 _aBaines, Lawrence.
_922361
245 1 2 _aA teacher's guide to multisensory learning :
_bimproving literacy by engaging the senses /
_cLawrence Baines.
260 _aAlexandria, Va. :
_bAssociation for Supervision and Curriculum Development,
_c2008.
300 _a208 p. :
_bill. (some col.) ;
_c25 cm.
504 _aIncludes bibliographical references (p. 189-199) and index.
505 0 _aLiteracy and academic standards -- Multisensory learning, engagement, and achievement -- Sight -- Sound -- Smell and taste -- Movement and touch -- Sense of play.
650 0 _aLanguage arts.
_9675
650 0 _aPerceptual learning.
_922362
650 0 _aTeaching
_xAids and devices.
_922363
856 4 1 _3Table of contents only
_uhttp://www.loc.gov/catdir/toc/ecip0819/2008021542.html
906 _a7
_bcbc
_corignew
_d1
_eecip
_f20
_gy-gencatlg
942 _2lcc
_cBK
999 _c12492
_d12492